000 00684nam a2200217 i 4500
001 147159
003 ES-MaACL
005 20230906201836.0
007 t|
008 070921s1934 sp ||||1| spa d
080 _a624.195.034.5(460.35)
080 _a656.01(4)
080 _a656.01(6)
245 0 3 _aEl túnel submarino de Gibraltar
_b: estado actual de los trabajos.
260 _aMadrid :
_bBolaños y Aguilar,
_c1934.
300 _a117 p. :
_bmap. ;
_c24 cm.
650 4 _aTúneles-
_zGibraltar (Estrecho)
_917663
650 1 4 _aInfaestructuras del transporte-
_zEuropa.
_913747
650 1 4 _aInfaestructuras del transporte-
_zAfrica.
_913746
852 _aES-MaACL
_j1795-F-6
999 _c147159
_d147159